Átélt beszéd és olvasói empátia Személyjelölés Arthur Schnitzler elbeszéléseiben /

Elmentve itt :
Bibliográfiai részletek
Szerző: Horváth Márta
Dokumentumtípus: Könyv része
Megjelent: ELTE Eötvös József Collegium Budapest 2024
Sorozat:DIAGram Könyvek
Személyjelölés és poétika
Tárgyszavak:
mtmt:34645283
Online Access:http://publicatio.bibl.u-szeged.hu/29624
LEADER 00791naa a2200217 i 4500
001 publ29624
005 20240220155532.0
008 240220s2024 hu o 0|| hun d
020 |a 9786155897627 
024 7 |a 34645283  |2 mtmt 
040 |a SZTE Publicatio Repozitórium  |b hun 
041 |a hun 
100 1 |a Horváth Márta 
245 1 0 |a Átélt beszéd és olvasói empátia   |h [elektronikus dokumentum] :  |b Személyjelölés Arthur Schnitzler elbeszéléseiben /  |c  Horváth Márta 
260 |a ELTE Eötvös József Collegium  |b Budapest  |c 2024 
300 |a 15 
300 |a 273-287 
490 0 |a DIAGram Könyvek 
490 0 |a Személyjelölés és poétika 
650 4 |a Nyelvek és irodalom 
856 4 0 |u http://publicatio.bibl.u-szeged.hu/29624/1/Szemelyjelolesespoetika_2024.pdf  |z Dokumentum-elérés